| 000 | 00903cam a2200277 a 4500 | ||
|---|---|---|---|
| 001 | 1743 | ||
| 005 | 20250327090844.0 | ||
| 020 | _a0439623316 (pbk.) | ||
| 040 |
_aDLC _cDLC _dDLC _beng |
||
| 050 | 0 | 0 |
_aPZ7.M927 _bBo 2004 |
| 082 | 0 | 0 |
_a543 _222 |
| 100 | 1 |
_aMunsch, Robert N., _d1945- |
|
| 245 | 1 | 0 |
_aBoo! / _cby Robert Munsch ; illustrated by Michael Martchenko. |
| 260 |
_aNew York : _bScholastic, _c2004. |
||
| 300 |
_a30 pages : _bcolor illustrations ; _c21 cm. |
||
| 500 | _a"Cartwheel books." | ||
| 505 | _aN | ||
| 520 | _aLance goes trick-or-treating with such a scary face that he is able to help himself to all his neighbors' candy. | ||
| 521 |
_a540
_bLexile |
||
| 521 |
_aN
_bRaz-Plus |
||
| 650 | 1 |
_aHalloween _vFiction. |
|
| 650 | 1 |
_aFear _vFiction. |
|
| 700 | 1 |
_aMartchenko, Michael, _eillustrator |
|
| 906 |
_a7 _bcbc _corignew _d1 _eecip _f20 _gy-gencatlg |
||
| 942 |
_2ddc _cBK _n0 |
||
| 999 |
_c1743 _d1743 |
||